000 01083nam0a22002651 4500
001 rc\4829567
005 20260408080728.0
021 _aRU
_bРг6066-64
035 _a(NLR Aleph) 008804793
090 _a8124532
_c8124532
100 _a20130426d1964 |||y0rusy50 ca
101 0 _arus
102 _aRU
105 _ay z |||||
200 1 _aПереустройство культуры и быта народов Нижнего Амура и Сахалина
_fVII Междунар. конгресс антропол. и этногр. наук. Москва, авг. 1964 г.
210 _aМосква
_cНаука
_d1964
215 _a11 с.
_d20
700 1 _4070
_7ca
_8rus
_aТаксами
_bЧ. М.
_f1931-2014
_gЧунер Михайлович
_9254438
_3RU\NLR\AUTH\770254494
712 1 2 _aМеждународный конгресс антропологов и этнографов
_d7
_f1964
_eМосква
_3RU\NLR\AUTH\8810101735
_9704267
801 0 _aRU
_bNLR
_gpsbo
801 1 _aRU
_bELAR
_2rusmarc
852 _aNLR
_j64-4/14908
942 _cBOOK
980 _aNB